Contemporary labor economics

Gardado en:
Detalles Bibliográficos
Autor Principal: McConnell, Campbell R
Formato: Libro
Publicado: McGraw-Hill 2003
Các nhãn: Engadir etiqueta
Sen Etiquetas, Sexa o primeiro en etiquetar este rexistro!
Thư viện lưu trữ: Mạng thư viện Đại học Đà Nẵng
LEADER 00589nam a2200229 a 4500
001 000029368
003 25207
005 20171030145630.0
008 171030s2003
040 |a LTT 
082 0 |a 331  |b MC-C 
100 1 |a McConnell, Campbell R 
245 0 0 |a Contemporary labor economics  |c Campbell R. McConnell, Stanley L. Brue, David A. Macpherson. 
260 |b McGraw-Hill  |c 2003 
500 |a SABRES 
OWN |a LTT 
999 |a From the UDN01 
TYP |a Monograph 
TYP |a Printed language 
980 |a Mạng thư viện Đại học Đà Nẵng